| 000 | 00839nam a2200301Ia 4500 | ||
|---|---|---|---|
| 001 | B3152 | ||
| 003 | IT-RoPAU | ||
| 008 | 130308s9999 xx 000 0 und d | ||
| 040 | _aIT-RoPAU | ||
| 040 | _cIT-RoPAU | ||
| 041 | _aFRANCESE | ||
| 100 | _aDelacote Goery | ||
| 100 | _gCodice Aut. SPICS: 37462 | ||
| 245 | _aCompagnonnage cognitif (Le) | ||
| 245 | _bSciences & Medias: penser imaginer Connaitre | ||
| 250 | _a1a ed. | ||
| 260 | _aPARIS | ||
| 260 | _bDidier Erudition | ||
| 260 | _c1989 [1° Ed.:1989 - Ed.Ling.Originale:1989] | ||
| 300 | _a"5 p. (prefazione: no ; testo: 5 [pagine: 171-175])" | ||
| 500 | _aAccompagnamento cognitivo di Apprendimento. | ||
| 650 | _aSOCIOLOGIA DELLA COMUNICAZIONE SOCIALE | ||
| 650 | _eCodice materia Spics: 3806 | ||
| 942 | _cBK | ||
| 957 | _71 | ||
| 999 |
_c44223 _d44223 |
||
| 999 | _bSI | ||
| 999 | _g1 | ||